000
00312nam a22001217a 4500
040
_c
HS
082
_a
577
100
_a
វន មុនិន្ទ
245
_a
រុក្ខវប្បកម្ម២ silviculture II
260
_a
RUA
_b
វន មុនិន្ទ
_c
1998
300
_a
131p;
942
_c
KB
999
_c
9046
_d
9046